000 00254nam a2200109Ia 4500
008 220204s9999 xx 000 0 und d
082 _a82-3
_bWOD
100 _aWodehouse, P G
245 4 _aThe White feather
260 _aBombay
_bJaico
_c1982
942 _cBK
999 _c38559
_d38559